Presupuestos: planificación y control

I tiakina i:
Ngā taipitopito rārangi puna kōrero
Ngā kaituhi matua: Welsch, Glenn A (Author), Hilton, Ronald W (Author), Gordon, Paul N (Author)
Hōputu: Pukapuka
Reo:Pāniora
I whakaputaina: Ciudad de México Pearson Educación 2005
Putanga:6a. ed
Ngā marau:
Ngā Tūtohu: Tāpirihia he Tūtohu
Kāore He Tūtohu, Me noho koe te mea tuatahi ki te tūtohu i tēnei pūkete!

MARC

LEADER 00000nam a2200000 a 4500
001 UCK4055
003 CL-VaPUC
008 050520e20050000MX |||||||||||||||||spa|d
020 |a 9702605512 
082 0 4 |a 658.154  |b WEL  |2 21 
100 0 |a Welsch, Glenn A  |e author  |9 492438 
700 |a Hilton, Ronald W  |e author  |9 492439 
700 0 |a Gordon, Paul N  |e author  |9 492440 
245 1 0 |a Presupuestos: planificación y control 
250 |a 6a. ed 
300 |a 474 p 
942 |c BK 
945 |d 20050520 00:00:00  |a cmena 
260 |a Ciudad de México  |b Pearson Educación  |c 2005 
650 0 |a Presupuestos  |9 262669 
650 7 |a GESTION DE PRESUPUESTOS  |2 CL-VaPUC  |9 413288 
650 0 |a Producción  |x Planificación  |9 260672 
650 0 |a Administración financiera  |9 261146 
650 0 |a Planificación estratégica   |9 259735 
583 |a last modification  |c 20050520 00:00:00  |k Rodrigo Vera 
999 |c 313031  |d 313029 
952 |0 0  |1 0  |4 0  |6 658_154000000000000_WEL_2005  |7 0  |8 A  |9 384081  |a BIBENE  |b BIBENE  |d 2019-11-22  |i 4129288  |o 658.154 WEL 2005  |p 4129288  |r 2025-01-15  |w 2019-11-22  |y BK  |k ICO 
952 |0 0  |1 0  |4 0  |6 658_154000000000000_WEL_2005  |7 0  |8 A  |9 384082  |a BIBENE  |b BIBENE  |d 2019-11-22  |i 4163060  |o 658.154 WEL 2005  |p 4163060  |r 2025-01-15  |w 2019-11-22  |y BK  |k ICO 
952 |0 0  |1 0  |4 0  |6 658_154000000000000_WEL_2005  |7 0  |8 A  |9 384083  |a BIBENE  |b BIBENE  |d 2019-11-22  |i 430442K  |o 658.154 WEL 2005  |p 430442K  |r 2025-01-15  |w 2019-11-22  |y BK  |k ICO 
952 |0 0  |1 0  |4 0  |6 658_154000000000000_WEL_2005  |7 0  |8 A  |9 384084  |a BIBMEC  |b BIBMEC  |d 2019-11-22  |i 4348087  |o 658.154 WEL 2005  |p 4348087  |r 2024-01-19  |w 2019-11-22  |y BK  |k MEC 
952 |0 0  |1 0  |4 0  |6 658_154000000000000_WEL_2005  |7 0  |8 A  |9 384085  |a BIBMEC  |b BIBMEC  |d 2019-11-22  |i 4349385  |o 658.154 WEL 2005  |p 4349385  |r 2024-01-19  |w 2019-11-22  |y BK  |k MEC 
952 |0 0  |1 0  |4 0  |6 658_154000000000000_WEL_2005  |7 0  |8 A  |9 384086  |a BIBMEC  |b BIBMEC  |d 2019-11-22  |i 4349393  |o 658.154 WEL 2005  |p 4349393  |r 2024-01-19  |w 2019-11-22  |y BK  |k MEC